000 00620nam a22001937a 4500
003 0
005 20251107145250.0
008 251107b xxu||||| |||| 00| 0 eng d
020 _a0-425-16248-6
050 _aPS 3566.A686
_b.P37 1997
100 _aParker, Robert B.,
_eauthor.
245 _aSmall vices /
_cRobert B. Parker.
260 _aNew York, NY :
_bThe Berkley Publishing Group,
_c1997.
300 _a338 pages ;
_c18 cm.
650 _aDetective and mystery fiction.
650 _aSpenser (Fictitious character)
_xFiction.
650 _aPrivate investigators
_zMassachusetts
_zBoston
_xFiction.
942 _2lcc
_cBK
999 _c368503
_d368503